| 000 | 00704cab a2200229 4500 | ||
|---|---|---|---|
| 001 | WB3407-19 | ||
| 008 | 090401t1998 xxu||||| |||| 00| 0 eng d | ||
| 035 | _a(Sirsi) u84314 | ||
| 041 | _aeng | ||
| 245 | _aTimebomb talks | ||
| 260 | _c1998 | ||
| 350 | _a0 | ||
| 490 |
_aSunday Times _v15 February 1998, 1.9(1) |
||
| 520 | _aUrgent plans are being drawn up by the government in order to prevent a year 2000 computer nightmare, which could result in power failures, hospital shutdowns and flight disasters. | ||
| 650 | _aCOMPUTERS | ||
| 650 | _aMILLENNIUM TIMEBOMB | ||
| 650 | _aPUBLIC SERVICES | ||
| 650 | _aYEAR 2000 | ||
| 690 | _aECONOMIC AND SOCIAL | ||
| 942 | _n0 | ||
| 948 | _c18/02/1998 | ||
| 999 |
_c52983 _d52983 |
||